000 00711nam a2200229 a 4500
001 22792
003 CO-ViMGA
008 141112s2004 ck r 000 u spa d
020 _a9789706867551
040 _aCO-ViMGA
_bspa
_cCO-ViMGA
082 0 4 _a658.8 M379g
100 1 _aMetzger, Michael
_932571
245 1 0 _aGerencia estratégica de mercadeo
260 _aMéxico :
_bThomson
300 _a145p.
505 _aConcepto de mercadeo, Analisis de situacion, Estrategia de mercadeo, Mezcla de mercadeo, Analisis financiero de mercadeo
650 1 4 _aADMINISTRACION DE MERCADEO
_916865
650 1 4 _aMERCADEO
_9559
650 1 4 _aPUBLICIDAD
650 1 4 _aSEGMENTACION DEL MERCADO
_99816
942 _2ddc
_cBK
999 _c31089
_d31089